000 00889nam a22002177a 4500
003 URS
005 20220905160904.0
008 220905b |||||||| |||| 00| 0 eng d
100 _92352
_aArieta, Joland D.
_eauthor
245 _aWork Performance of Bachelor of Science in Office Administration Graduates of University of Rizal System Binangonan Campus Academic Years 2015-2018
_cJoland D. Arieta, Kate Nicole Celajes
260 _c2020
300 _aiv, 83 leaves
_c28 cm
336 _2rdacontent
_atext
337 _2rdamedia
_aunmediated
338 _2rdacarrier
_avolume
502 _aThesis
_bBachelor of Science in Office Administration Major in Office Management
_cUniversity of Rizal System, Binangonan
_d2020
504 _aincludes bibliographical references
700 _92353
_aCelajes, Kate Nicole
_eauthor
700 _91679
_aAlbert Q. Clemente, MM
_eadviser
942 _2lcc
_cT
999 _c58590
_d58590